000 00401nam a2200181Ia 4500
003 IT-RoPAU
008 120407s9999 xx 000 0 und d
040 _aIT-RoPAU
040 _cIT-RoPAU
100 _aReginaldo Garrigou
245 _aDe Beatitudine de actibus humanis et habitibus
250 _aTorino
260 _aLice
300 _c cm
490 _v1
700 _aLagrange
942 _cBK
999 _c7747
_d7747